000
00293nam a22001337a 4500
008
170926b xxu||||| |||| 00| 0 eng d
020
_a
9780321813879
041
_a
eng
080
_2
3RD
_a
37
100
_a
46
101
_a
EDU
245
_a
GET READY FOR A &P
_c
GARRETT,L.K
942
_2
udc
_c
BK
999
_c
30010
_d
30010